000 01353nam a2200361 a 4500
001 BRCA_8317
005 20190320210226.0
008 240614s1716----enka###f##---#001-0#gre-#
041 _agrelat
044 _aenk
050 4 _aBJ430.A7
_b.W55 1716
100 1 _aAristóteles
_d384-322 a.C.
_920768
245 1 0 _aAristotelis
_bEthicorum Nicomacheorum libri decem
_cAristóteles ; cudicum MSS collatione recogniti & notis illustrati a Guillermo Wilkinson.
260 _aOxonii
_bTheatro Sheldoniano
_c1716
300 _a479 p.
_bil.
_c21 cm.
500 _aFondo antiguo
500 _aSe encuentra en Caja Fuerte, 16-marzo-2016
500 _aR-7
500 _aIncluye índice
500 _aIncluye tabla de contenido
500 _aCon Ex-libris de: Franz Mayer y Leonard Troughear Holmes
500 _aCon dedicatoria: A Guillermo Wilkinson, A. M. E. Coll. Reginae
500 _aMarca de agua en la guarda
500 _aNota de encuadernación: en piel con ornamentos dorados
506 0 _aFondo reservado: para su consulta es necesario credencial de usuario y carta de motivos
546 _aTexto en: griego y latín
650 1 4 _aÉtica
_vTratados
_920769
650 1 4 _aFilosofía antigua
_vTratados
_920770
650 1 4 _aFilósofos griegos
_920771
700 1 _aWilkinson, Guilielmo
_ecomp.
_920772
902 _aLAR
942 _2lcc
_cB
999 _c7985
_d7985